Call to commitment / (Record no. 354790)
[ view plain ]
| 000 -LEADER | |
|---|---|
| fixed length control field | 00277nam a2200109Ia 4500 |
| 008 - FIXED-LENGTH DATA ELEMENTS--GENERAL INFORMATION | |
| fixed length control field | 180205s9999 xx 000 0 und d |
| 020 ## - INTERNATIONAL STANDARD BOOK NUMBER | |
| International Standard Book Number | 60663294 |
| 100 ## - MAIN ENTRY--PERSONAL NAME | |
| Personal name | O,Connor, Elizabeth |
| 245 ## - TITLE STATEMENT | |
| Title | Call to commitment / |
| 260 ## - PUBLICATION, DISTRIBUTION, ETC. (IMPRINT) | |
| Place of publication, distribution, etc | USA |
| Name of publisher, distributor, etc | Harper & Row |
| Date of publication, distribution, etc | 1963 |
| 300 ## - PHYSICAL DESCRIPTION | |
| Extent | ix,205 pages |
| Withdrawn status | Lost status | Source of classification or shelving scheme | Damaged status | Home library | Current library | Shelving location | Date acquired | Source of acquisition | Total Checkouts | Full call number | Barcode | Date last seen | Price effective from | Koha item type |
|---|---|---|---|---|---|---|---|---|---|---|---|---|---|---|
| Library of Congress Classification | Archives | Archives | 02/05/2018 | Donation | BS 2775.2 .Oc18 1963 | C0901 | 05/15/2018 | 02/05/2018 | Books |